000
002570000a22000970004500
100
1
_a
Jaramillo Cárdenas, Luciano
245
1
0
_a
Dar o no dar regalos en navidad
300
_a
Vol. 9, Núm 49 (1997), Páginas 8
773
0
_t
Impacto Presbiteriano
942
_c
ANA
999
_c
51058
_d
51058